| 000 | 00752nam a22002417a 4500 | ||
|---|---|---|---|
| 003 | UA-OsUOA | ||
| 001 | 125551 | ||
| 007 | ta | ||
| 008 | 20170919b un ||||| |||| 00| 0 ukr d | ||
| 090 |
_a012 _bЕ99 |
||
| 942 | _cBK | ||
| 040 |
_aUA-OsUOA _bukr _cUA-OsUOA _dUA-OsUOA |
||
| 245 |
_aЄвген Гуцало _bбіобібліографічний нарис |
||
| 300 | _a68 с. | ||
| 955 | _a1 | ||
| 041 | _aukr | ||
| 080 | _a012 | ||
| 020 | _a966-7547-32-9 | ||
| 260 |
_aК. _c2004 |
||
| 246 | 3 | 1 |
_a"Мені зажди хотілося написати українську душу, український характер..." _n |
| 650 | 7 |
_a01 Бібліографія і бібліографії. Каталоги _2UDC |
|
| 999 |
_c412796 _d412796 |
||